书目信息 |
| 题名: |
中国图书资料分类法
|
|
| 作者: | ;中国图书馆图书分类法编辑委员会 编 ;中国图书资料分类法修订组 修订 | |
| 分册: | ||
| 出版信息: | 北京 科学技术文献出版社 1989 |
|
| 页数: | 992页 | |
| 开本: | 25cm | |
| 丛书名: | ||
| 单 册: | ||
| 中图分类: | G254.12 | |
| 科图分类: | ||
| 主题词: | 分类表 | |
| 电子资源: | ||
| ISBN: | 7-5023-0908-X | |
| 000 | 00922nam0 2200265 45 | |
| 001 | 0182003217 | |
| 005 | 20061028144313.56 | |
| 010 | @b精装@dCNY55.00@a7-5023-0908-X | |
| 100 | @a19950613d1989 emky0chiy0121 ea | |
| 101 | 0 | @achi |
| 102 | @aCN@b110000 | |
| 102 | @aCN@b110000 | |
| 105 | @ay z 000yy | |
| 200 | 10 | @a中国图书资料分类法@Azhong guo tu shu zi liao fen lei fa@f中国图书馆图书分类法编辑委员会编@FZhong Guo Tu Shu Guan Tu Shu Fen Lei Fa Bian Ji Wei Yuan Hui Bian@g中国图书资料分类法修订组修订 |
| 205 | @a3版 | |
| 210 | @a北京@c科学技术文献出版社@d1989 | |
| 210 | @a北京@c科学技术文献出版社 | |
| 215 | @a992页@d25cm | |
| 606 | 0 | @a分类表 |
| 690 | @aG254.12@v3 | |
| 711 | 02 | @a中国图书馆图书分类法编辑委员会@4编 |
| 712 | 02 | @a中国图书资料分类法修订组@Azhong guo tu shu zi liao fen lei fa xiu dingzu@4修订 |
| 801 | 2 | @aCN@bNLC@c20061028 |
| 801 | 0 | @aCN@b上海图书馆@c20060909 |
| 905 | @dG254.12@e18=3 | |
| 中国图书资料分类法/中国图书馆图书分类法编辑委员会编/中国图书资料分类法修订组修订.-3版.-北京:科学技术文献出版社,1989.-北京:科学技术文献出版社 |
| 992页;25cm |
| ISBN 7-5023-0908-X(精装):CNY55.00 |
| ● |
| 相关链接 |
|
|
|
|
正题名:中国图书资料分类法
索取号:G254.12/18=3
 
预约/预借
| 序号 | 登录号 | 条形码 | 馆藏地/架位号 | 状态 | 备注 |
| 1 | 0260926 | 000502183 | 第一样本阅览室/ [索取号:G254.12/18=3] | 在馆 |